Ice Cube - Death Certificate tracklist - Statistics

General Stats
  • This quiz has been taken 17 times
  • The average score is 10 of 20
Answer Stats
Hint Answer % Correct
20. No Vaseline
89%
15. Black Korea
67%
11. Death
67%
13. I Wanna Kill Sam
67%
12. The Birth
67%
1. The Funeral (Intro)
67%
3. My Summer Vacation
56%
4. Steady Mobbin'
56%
19. Us
56%
8. A Bird in the Hand
44%
10. Alive on Arrival
44%
17. Color Blind
44%
6. Givin' Up the Nappy Dugout
44%
7. Look Who's Burnin
44%
9. Man's Best Friend
44%
16. True to the Game
44%
14. Horny Lil' Devil
33%
2. The Wrong N*gga to F*ck Wit
33%
18. Doing Dumb Sh*t
22%
5. Robin Lench (Interlude)
22%
No matching quizzes found
Score Distribution
Percent of People with Each Score
Percentile by Number Answered
Your Score History
You have not taken this quiz